[Event "TUR-chT2"]
[Site "Konya"]
[Date "2018.07.15"]
[Round "9.9"]
[White "Benek, Omer"]
[Black "Ince, Ali Emre"]
[Result "1/2-1/2"]
[WhiteElo "1663"]
[BlackElo "1501"]
[PlyCount "92"]
[EventDate "2018.07.10"]
[EventType "team-swiss"]
[EventRounds "9"]
[EventCountry "TUR"]
[SourceTitle "EXT 2019"]
[Source "ChessBase"]
[SourceDate "2018.10.10"]
[SourceVersion "1"]
[SourceVersionDate "2018.10.10"]
[SourceQuality "1"]
[WhiteTeam "Derince Turgut"]
[BlackTeam "Manisa Yunusembre"]
[WhiteTeamCountry "TUR"]
[BlackTeamCountry "TUR"]

1. e4 c5 2. c3 Nf6 3. e5 Nd5 4. Bc4 Nb6 5. Bb3 e6 6. Nf3 d6 7. 0-0 Qc7 8. d4 cxd4 9. cxd4 dxe5 10. dxe5 Be7 11. Nc3 a6 12. Bf4 0-0 13. Rc1 Nc6 14. Re1 Bb4 15. Bc2 Rd8 16. Bxh7+ Kf8 17. Qc2 Nd5 18. Nxd5 Rxd5 19. Red1 Rc5 20. Qe4 Bd7 21. Be3 Rxc1 22. Rxc1 Be7 23. Qf4 Qa5 24. Bg6 Be8 25. a3 Rd8 26. h4 Kg8 27. Be4 Qb5 28. a4 Qb3 29. h5 f6 30. Bg6 Rd1+ 31. Rxd1 Qxd1+ 32. Kh2 Bxg6 33. hxg6 Nxe5 34. Nxe5 Bd6 35. Qh4 Bxe5+ 36. g3 f5 37. Qe7 Qh5+ 38. Kg2 Qxg6 39. f4 Bxb2 40. Qxb7 Qf6 41. Qxa6 Qd8 42. Qxe6+ Kh8 43. Qxf5 Qa8+ 44. Kf2 Qxa4 45. Qh5+ Kg8 46. Qd5+ Kh7 1/2-1/2

[Event "TUR-chT 2nd League"]
[Site "Konya"]
[Date "2017.07.23"]
[Round "9.15"]
[White "Tahan, Umut Utku"]
[Black "Ince, Ali Emre"]
[Result "1-0"]
[WhiteElo "1685"]
[BlackElo "1591"]
[PlyCount "149"]
[EventDate "2017.07.17"]
[EventType "team-swiss"]
[EventRounds "9"]
[EventCountry "TUR"]
[SourceTitle "EXT 2018"]
[Source "ChessBase"]
[SourceDate "2017.10.13"]
[SourceVersion "1"]
[SourceVersionDate "2017.10.13"]
[SourceQuality "1"]
[WhiteTeam "Antalya Deniz Genclik"]
[BlackTeam "Ordu Gul Bahcesi"]
[WhiteTeamCountry "TUR"]
[BlackTeamCountry "TUR"]

1. e4 c5 2. Nf3 e6 3. d4 cxd4 4. Nxd4 a6 5. c4 Qc7 6. Nc3 Nf6 7. Be2 b6 8. 0-0 Bb7 9. f3 Be7 10. Be3 0-0 11. Qc2 d6 12. Rab1 Nbd7 13. Rfc1 Rac8 14. b4 Qb8 15. Qb3 Qa8 16. Nc2 d5 17. cxd5 exd5 18. e5 Nxe5 19. Bxb6 Nc4 20. Bxc4 Rxc4 21. a3 Nd7 22. Bf2 Rfc8 23. Ne3 Bg5 24. Nxc4 dxc4 25. Qa4 Bxc1 26. Rxc1 Ne5 27. Re1 Nd3 28. Re7 Nxf2 29. Kxf2 Bc6 30. Qa5 h6 31. Qf5 Be8 32. Qe5 Qc6 33. Qf5 Qb6+ 34. Kf1 Qc6 35. Re4 Bd7 36. Qd5 Qxd5 37. Nxd5 Kf8 38. Nb6 Rc7 39. Nxd7+ Rxd7 40. Rxc4 Rd1+ 41. Ke2 Ra1 42. Rc3 Ra2+ 43. Kf1 Ra1+ 44. Kf2 Ra2+ 45. Kg3 Ke7 46. h4 Kd6 47. h5 Kd7 48. Kh3 Kd6 49. g4 Kd7 50. Kg3 Kd6 51. Kf4 f6 52. Kf5 Kd5 53. Kg6 Kd4 54. Rb3 Kc4 55. Re3 Kd4 56. Re4+ Kd5 57. Kxg7 Rxa3 58. Rf4 Ra4 59. Kxh6 Ke5 60. Rf5+ Ke6 61. Ra5 Rxb4 62. Rxa6+ Kf7 63. Ra7+ Ke6 64. Kg6 Rf4 65. Ra3 Rd4 66. h6 Rd8 67. h7 Ke5 68. Ra4 Ke6 69. Re4+ Kd5 70. Re7 Kd6 71. Rg7 Ke6 72. Rg8 Rd5 73. Re8+ Kd7 74. h8Q Rg5+ 75. Kxf6 1-0

[Event "TUR-chT 2nd League"]
[Site "Konya"]
[Date "2017.07.20"]
[Round "6.14"]
[White "Yavuz, Efe Metehan"]
[Black "Ince, Ali Emre"]
[Result "1-0"]
[WhiteElo "1707"]
[BlackElo "1591"]
[PlyCount "73"]
[EventDate "2017.07.17"]
[EventType "team-swiss"]
[EventRounds "9"]
[EventCountry "TUR"]
[SourceTitle "CBM 179 Extra"]
[Source "ChessBase"]
[SourceDate "2017.08.23"]
[SourceVersion "1"]
[SourceVersionDate "2017.08.23"]
[SourceQuality "1"]
[WhiteTeam "Bolu Koroglu"]
[BlackTeam "Ordu Gul Bahcesi"]
[WhiteTeamCountry "TUR"]
[BlackTeamCountry "TUR"]

1. e4 c5 2. Nf3 e6 3. d4 cxd4 4. Nxd4 a6 5. c4 Qc7 6. Nc3 Nf6 7. Bd3 d6 8. 0-0 Nbd7 9. b3 b6 10. Re1 Be7 11. f4 Bb7 12. f5 e5 13. Nc2 Rc8 14. Ba3 0-0 15. Rc1 Rfd8 16. g4 h6 17. Ne3 Nc5 18. Bxc5 Qxc5 19. Kf1 Nh7 20. Na4 Qc7 21. Qe2 a5 22. Nd5 Bxd5 23. cxd5 Qa7 24. Rc6 Rxc6 25. dxc6 Bg5 26. Bb5 Nf6 27. Rd1 Ne8 28. Nc3 Nc7 29. a4 Kf8 30. Qf2 Ke8 31. h4 Be7 32. Nd5 Rb8 33. f6 Bf8 34. fxg7 Bxg7 35. Qf5 Nxb5 36. axb5 Qa8 37. Nc7+ 1-0